Development challenges in the 1990s : leading policymakers speak from experience

This book brings together the insights and experiences of some of the world's leading policymakers and global thought leaders, individuals who have had substantial influence on the policy reforms and development strategies in their native countries. Sharing their unique perspectives, these &quo...

Celý popis

Uloženo v:
Podrobná bibliografie
Médium: Kniha
Jazyk:Undetermined
Vydáno: Washington World Bank 2005
Témata:
Tagy: Přidat tag
Žádné tagy, Buďte první, kdo otaguje tento záznam!
Thư viện lưu trữ: Trung tâm Học liệu Trường Đại học Cần Thơ
LEADER 01111nam a2200217Ia 4500
001 CTU_92171
008 210402s9999 xx 000 0 und d
020 |c 35.00 
082 |a 338.9 
082 |b D489 
245 0 |a Development challenges in the 1990s : 
245 0 |b leading policymakers speak from experience 
245 0 |c edited by Timothy Besley and Roberto Zagha 
260 |a Washington 
260 |b World Bank 
260 |c 2005 
520 |a This book brings together the insights and experiences of some of the world's leading policymakers and global thought leaders, individuals who have had substantial influence on the policy reforms and development strategies in their native countries. Sharing their unique perspectives, these "practitioners of development" explain the reasons for the uneven outcomes of the 1990s and, with the benefit of hindsight, draw relevant lessons for the future 
650 |a Developing countries,Developing countries 
650 |x Economic policy,Politics and government 
904 |i Tuyến, H.Mai 
980 |a Trung tâm Học liệu Trường Đại học Cần Thơ